| 000 | 00727pam a2200253 a 4500 | ||
|---|---|---|---|
| 001 | 3999887 | ||
| 005 | 20180115071105.0 | ||
| 008 | 960814s1998 paua b 001 0 eng c | ||
| 010 | _a 96041440 | ||
| 020 | _a0721661521 | ||
| 040 |
_aDNLM/DLC _cDLC _dDLC |
||
| 041 | _aeng | ||
| 060 | 1 | 0 | _aWK 100 W721 1998 |
| 080 | _a616.4 | ||
| 082 | 0 | 0 |
_a616.4 WIL _220 |
| 100 | _a3 | ||
| 101 | _aSHM | ||
| 245 | 0 | 0 | _aWilliams textbook of endocrinology. |
| 246 | 3 | 0 | _aTextbook of endocrinology |
| 504 | _aIncludes bibliographical references and index. | ||
| 906 |
_a7 _bcbc _corignew _d1 _eocip _f19 _gy-gencatlg |
||
| 942 |
_2ddc _cBK |
||
| 999 |
_c40266 _d40266 |
||